Statistiques concernant Joueur de l'équipe première de l'OM (2022-2023)

Cliquez ici pour prendre le quiz!

Statistiques générales

  • Ce quiz a été pris 97 fois
  • Le résultat moyen est 18 sur 35

Statistiques - réponses

PosteNationalitéJoueur% Correct
EspagnePau López
96%
ChiliAlexis Sánchez
92%
République démocratique du CongoChancel Mbemba
89%
FranceDimitri Payet
88%
Milieu de terrainFranceMattéo Guendouzi
86%
FranceValentin Rongier
86%
TurquieCengiz Ünder
83%
ArgentineLeonardo Balerdi
80%
DéfenseurCote d'ivoireEric Bailly
78%
MarocAmine Harit
77%
FranceJordan Veretout
75%
FranceSamuel Gigot
75%
FranceJonathan Clauss
73%
AttaquantColombieLuis Suárez
73%
PortugalNuno Albertino Varela Tavares
73%
Bosnie-HerzégovineSead Kolasinac
71%
BrésilGerson Santos Da Silva
67%
EspagneRubén Blanco
65%
SénégalBamba Dieng
64%
Milieu de terrainSénégalPape Gueye
61%
République démocratique du CongoCédric Bakambu
54%
Burkina FasoIssa Kaboré
53%
FranceSouleymane Isaak Touré
35%
Gardien de butCamerounSimon Ngapandouetnbu
31%
FranceSalim Ben Seghir
16%
FranceBilal Nadir
10%
SuisseEsey Gebreyesus
10%
FranceUgo Bertelli
8%
FranceAaron Kamardin
5%
FranceJorès Rahou
5%
EspagnePedro Ruiz Delgado
5%
FranceAmay Caprice
4%
FranceAylan Benyahia Tani
4%
FranceNassim Ahmed
4%
FrancePaolo Sciortino
1%

Distribution des résultats

Percentile par nombre de réponses

% des personnes avec chaque résultat

Votre développement - résultats

Vous n’avez pas pris ce quiz